[Event "AUTO-MASTER-1586"]
[Site "http://www.queenalice.com/game.php?id=1028198"]
[Date "2012.2.9"]
[Round "1"]
[White "gmvilela"]
[Black "Zardoz"]
[Result "1-0"]
[WhiteElo "2194"]
[BlackElo "2128"]

1. g3 g6 2. Bg2 Bg7 3. e4 c5 4. Nc3 Nc6 5. Nge2 Nf6 6. O-O O-O 7. d3 d6 8. h3
Rb8 9. Be3 Bd7 10. Qd2 b5 11. f4 b4 12. Nd1 Qc8 13. Kh2 h5 14. f5 gxf5 15. Bh6
Ne5 16. Qg5 Ng6 17. Bxg7 Kxg7 18. exf5 Nh7 19. Qxh5 Ne5 20. Ne3 f6 21. Rf4 Ng5
22. Rg4 Nxg4+ 23. Qxg4 Rh8 24. h4 Kf7 25. Kg1 Qg8 26. hxg5 Qxg5 27. Qxg5 fxg5
28. Bd5+ e6 29. Bb3 Ke7 30. fxe6 Bxe6 31. Nd5+ Bxd5 32. Bxd5 1-0

[Event "AUTO-MASTER-1586"]
[Site "http://www.queenalice.com/game.php?id=1028199"]
[Date "2012.2.9"]
[Round "1"]
[White "Zardoz"]
[Black "gmvilela"]
[Result "0-1"]
[WhiteElo "2139"]
[BlackElo "2184"]

1. Nf3 d5 2. c4 c6 3. e3 Nf6 4. b3 Bg4 5. Ba3 Nbd7 6. Be2 e5 7. Bxf8 Kxf8 8. O-O
Rc8 9. Nc3 g6 10. d4 e4 11. Nd2 h5 12. f3 exf3 13. Bxf3 Kg7 14. h3 Qe7 15. Qe2
Rce8 16. cxd5 cxd5 17. hxg4 hxg4 18. Bxd5 Nxd5 19. Nxd5 Qh4 20. Nf3 gxf3 21.
Qxf3 f5 22. Rac1 Qh2+ 23. Kf2 Rc8 24. Qg3 Qxg3+ 25. Kxg3 Rhe8 26. Rfe1 Nf6 27.
Nxf6 Kxf6 28. Kf3 g5 29. g3 g4+ 30. Ke2 Rh8 31. Kd3 Rxc1 32. Rxc1 Rh3 0-1

[Event "AUTO-MASTER-1586"]
[Site "http://www.queenalice.com/game.php?id=1028215"]
[Date "2012.2.9"]
[Round "1"]
[White "animis"]
[Black "Zardoz"]
[Result "0-1"]
[WhiteElo "2029"]
[BlackElo "2114"]

1. e4 b6 2. d4 Bb7 3. Nc3 e6 4. Nf3 c5 5. Be3 Nf6 6. d5 exd5 7. exd5 d6 8. Qd2
Nbd7 9. O-O-O Be7 10. h3 a6 11. Bg5 h6 12. Bh4 O-O 13. a3 b5 14. b4 cxb4 15.
axb4 Nb6 16. Bg3 Nfxd5 17. Nxd5 Nxd5 18. Bd3 a5 19. Be4 axb4 20. Bxd5 Qa5 21.
Qd3 Bxd5 22. Qxd5 Bf6 23. Nd2 Qa3+ 0-1

[Event "AUTO-MASTER-1586"]
[Site "http://www.queenalice.com/game.php?id=1028216"]
[Date "2012.2.9"]
[Round "1"]
[White "Zardoz"]
[Black "animis"]
[Result "1-0"]
[WhiteElo "2132"]
[BlackElo "1977"]

1. Nf3 c5 2. c4 Nf6 3. g3 Nc6 4. Bg2 e6 5. O-O d5 6. cxd5 Nxd5 7. Nc3 Nf6 8. d3
Be7 9. b3 O-O 10. Bb2 e5 11. Rc1 a6 12. Nd2 Qc7 13. Nde4 Rd8 14. Nxf6+ Bxf6 15.
Ne4 Be7 16. Nxc5 Bd6 17. Ne4 Bg4 18. Qd2 Qd7 19. Nxd6 Qxd6 20. h3 Bh5 21. Qg5
Bg6 22. Bxc6 bxc6 23. Qxe5 Qxe5 24. Bxe5 f6 25. Bc7 Re8 26. e4 Re6 27. f4 Re7
28. Rxc6 Rd7 29. Rc3 Rc8 30. Rfc1 Bf7 31. Bb6 Re8 32. Kf2 Rb7 33. Ba5 1-0

[Event "AUTO-MASTER-1586"]
[Site "http://www.queenalice.com/game.php?id=1028227"]
[Date "2012.2.9"]
[Round "1"]
[White "Zardoz"]
[Black "yamato"]
[Result "0-1"]
[WhiteElo "2134"]
[BlackElo "2186"]

1. Nf3 d6 2. b4 e5 3. g3 g6 4. Bb2 Bg7 5. Bg2 f5 6. c4 Nf6 7. Nc3 O-O 8. Qb3 Kh8
9. O-O Nc6 10. d3 Nh5 11. e3 h6 12. b5 Ne7 13. a4 g5 14. Rad1 Ng6 15. Nd5 f4 16.
Nd2 Bg4 17. f3 Be6 18. g4 Nf6 19. e4 Rf7 20. Nxf6 Bxf6 21. Nb1 Rh7 22. Rf2 h5
0-1

[Event "AUTO-MASTER-1586"]
[Site "http://www.queenalice.com/game.php?id=1028228"]
[Date "2012.2.9"]
[Round "1"]
[White "yamato"]
[Black "Zardoz"]
[Result "1-0"]
[WhiteElo "2196"]
[BlackElo "2124"]

1. Nf3 b6 2. g3 e6 3. Bg2 Bb7 4. d4 Nf6 5. c4 c5 6. d5 exd5 7. Nh4 g6 8. cxd5
Bg7 9. Nc3 O-O 10. O-O d6 11. e4 Nbd7 12. f4 Ba6 13. Re1 Re8 14. a4 Qc8 15. Nf3
Ng4 16. h3 Nh6 17. g4 f5 18. Ng5 fxg4 19. hxg4 Rb8 20. Ne6 Nf8 21. Nxg7 Kxg7 22.
f5 Nf7 23. g5 1-0

[Event "AUTO-MASTER-1734"]
[Site "http://www.queenalice.com/game.php?id=1103917"]
[Date "2012.9.17"]
[Round "1"]
[White "TheAlchemist"]
[Black "Zardoz"]
[Result "1/2-1/2"]
[WhiteElo "2178"]
[BlackElo "2110"]

1. e4 c5 2. Nf3 d6 3. d4 cxd4 4. Nxd4 Nf6 5. Nc3 a6 6. Bg5 e6 7. f4 Be7 8. Qf3
Qc7 9. O-O-O Nbd7 10. Bd3 b5 11. Rhe1 Bb7 12. Qg3 b4 13. Nd5 exd5 14. exd5 Kd8
15. Nc6+ Bxc6 16. dxc6 Qxc6 17. Bxf6 Bxf6 18. Be4 Qa4 19. Bxa8 Qxa2 20. Qb3 Qa1+
21. Kd2 Qxb2 22. Qxb2 Bxb2 23. Re4 a5 24. Ke2 Kc7 25. Bd5 f5 26. Re7 Kd8 27. Re6
Re8 28. Rxe8+ Kxe8 29. Bc6 Ke7 30. Bxd7 Kxd7 31. Rd5 a4 32. Kd3 a3 33. Ra5 Ke6
34. Kc4 Bc3 1/2-1/2

[Event "AUTO-MASTER-1734"]
[Site "http://www.queenalice.com/game.php?id=1103918"]
[Date "2012.9.17"]
[Round "1"]
[White "Zardoz"]
[Black "TheAlchemist"]
[Result "1-0"]
[WhiteElo "2093"]
[BlackElo "2193"]

1. Nf3 Nf6 2. d4 e6 3. c4 c5 4. d5 b5 5. dxe6 fxe6 6. cxb5 d5 7. Nc3 Nbd7 8. Bg5
d4 9. Ne4 Qa5+ 10. Ned2 Qxb5 11. Qc2 Rb8 12. b3 Ba6 13. Bxf6 Nxf6 14. e3 d3 15.
Qc4 Qc6 16. Ne5 Qb6 17. Qh4 Rd8 18. Rd1 c4 19. Nexc4 Qc6 20. f3 Be7 21. Ne5 Qd5
22. Qd4 Qb7 23. Qc3 Rc8 24. Qd4 O-O 25. Bxd3 Rfd8 26. Bxa6 Qxa6 27. Qb2 Bb4 28.
Nc4 Rxc4 29. bxc4 Qxc4 30. Kf2 Qc5 31. Rhe1 Nd5 32. Re2 1-0

[Event "AUTO-MASTER-1734"]
[Site "http://www.queenalice.com/game.php?id=1103933"]
[Date "2012.9.17"]
[Round "1"]
[White "Zardoz"]
[Black "colognestar"]
[Result "1-0"]
[WhiteElo "2072"]
[BlackElo "1994"]

1. Nf3 b6 2. e4 Bb7 3. Nc3 e6 4. d4 Bb4 5. Bd3 Nf6 6. Qe2 d6 7. O-O Nbd7 8. Bg5
h6 9. Bh4 g5 10. Bg3 Rg8 11. Nb5 a6 12. a3 axb5 13. axb4 Ra4 14. e5 dxe5 15.
Nxe5 Rxa1 16. Rxa1 Nxe5 17. Qxe5 Qd5 18. f3 Qxe5 19. Bxe5 Nd7 20. Ra7 1-0

[Event "AUTO-MASTER-1734"]
[Site "http://www.queenalice.com/game.php?id=1103934"]
[Date "2012.9.17"]
[Round "1"]
[White "colognestar"]
[Black "Zardoz"]
[Result "1-0"]
[WhiteElo "1973"]
[BlackElo "2093"]

1. b3 e5 2. Bb2 Nc6 3. e3 Nf6 4. Bb5 Bd6 5. d4 exd4 6. exd4 O-O 7. Ne2 a6 8.
Bxc6 dxc6 9. Nd2 Bg4 10. f3 Nd5 11. fxg4 Ne3 12. Qc1 Nxg2+ 13. Kf2 Nh4 14. Ne4
f5 15. Nxd6 fxg4+ 16. Ke1 Qxd6 17. Ba3 1-0

[Event "AUTO-MASTER-1585"]
[Site "http://www.queenalice.com/game.php?id=1115621"]
[Date "2012.10.24"]
[Round "2"]
[White "Zardoz"]
[Black "sia"]
[Result "1-0"]
[WhiteElo "2103"]
[BlackElo "1979"]

1. Nf3 e6 2. c4 Be7 3. Nc3 Nf6 4. d4 Nc6 5. e4 Bb4 6. Bd3 O-O 7. e5 Ne8 8. Bxh7+
Kxh7 9. Ng5+ Kg6 10. h4 Qe7 11. h5+ Kh6 12. Qd3 Bxc3+ 13. bxc3 f5 14. exf6 Nxf6
15. Qg6# 1-0

[Event "AUTO-MASTER-1585"]
[Site "http://www.queenalice.com/game.php?id=1115622"]
[Date "2012.10.24"]
[Round "2"]
[White "sia"]
[Black "Zardoz"]
[Result "1-0"]
[WhiteElo "1964"]
[BlackElo "2111"]

1. g3 Nf6 2. Bg2 e5 3. d3 d5 4. Bg5 c6 5. Nf3 h6 6. Bd2 Bd6 7. O-O O-O 8. Nc3
Bg4 9. Qc1 Nbd7 10. e4 Re8 11. Bxh6 gxh6 12. Qxh6 Bxf3 13. Bxf3 d4 14. Ne2 Bf8
15. Qg5+ Bg7 16. h4 Nh7 17. Qxd8 Raxd8 18. Bg4 Nhf6 19. Bf5 1-0